000 00893nam a22002657a 4500
003 LK-CoMWRAF
005 20231115125659.0
008 230819b2009 |||||||| |||| 00| 0 eng d
020 _a9780982193518
040 _aLK-CoMWRAF
_dLK-CoMWRAF
_eLK-CoMWRAF
041 _aeng
082 _a320.55
_bISL
245 _aIslam and politics:
_brenewal and resistance in the Muslim world
260 _aWashington:
_bHenry L. Stimson Center,
_c2009
300 _axiv, 120 p. ; 26 cm
490 _aRegional voices
650 _aISLAM AND POLITICS-ISLAMIC COUNTRIES
650 _aIslam and state-Islamic countries
650 _a Islam and world politics
650 _a Islamic fundamentalism--Islamic countries
700 _a Amit Pandya
_eed.
700 _aEllen Laipson
_eed.
856 _uhttps://www.stimson.org/wp-content/files/file-attachments/IslamPolitics-Complete_1.pdf
942 _cBK
999 _c3222
_d3222